000 00635nam a2200229Ia 4500
005 20260320201755.0
008 008 262003s9999 xx 000 0 eng d
037 _aEBOOK
040 _aCRL
040 _beng
040 _cCRL
041 _2eng
041 _aeng
084 _qCRL
100 _aChadha
245 0 _aAgile Machine Learning with DataRobot: Automate each step of the machine learning life cycle, from understanding problems to delivering value
260 _bIEEE
856 _uhttps://ieeexplore.ieee.org/servlet/opac?bknumber=10163331
942 _cEBOOK
999 _c1723463
_d1723463